| 000 | 00914nam a22003017a 4500 | ||
|---|---|---|---|
| 001 | 7152 | ||
| 003 | FISKH | ||
| 005 | 20250630101611.0 | ||
| 008 | 250630b cb ||||| |||| 00| 0 eng d | ||
| 020 | _a9780590443807 | ||
| 040 |
_aFISKH _beng _cFISKH _dFISKH |
||
| 050 | _aPZ7.M54 Y | ||
| 082 | _a813.54 | ||
| 100 | _aMiller, Marvin | ||
| 245 |
_aYou be the Jury : _bCourtroom IV / _cMarvin Miller ; Illustrated by Bob Roper |
||
| 250 | _aThis edition first published in 1991 | ||
| 260 |
_aNew York : _bScholastic, _c1991 |
||
| 300 |
_a91 pages : _billustrations ; _c20 cm |
||
| 505 | _aR | ||
| 520 | _aTen courtroom mysteries with illustrated clues. The final verdict is up to you. | ||
| 521 | 8 |
_a680
_bLexile |
|
| 521 | 8 |
_aR
_bRaz-Plus |
|
| 650 |
_2Jury _aPuzzle |
||
| 650 |
_2You Be the Jury _aCountry:Serbia |
||
| 700 |
_aRoper, Bob _dillustrator |
||
| 942 |
_2ddc _cBK _n0 |
||
| 999 |
_c7152 _d7152 |
||